<?xml version="1.0" encoding="UTF-8"?>
<record
    xmlns:xsi="http://www.w3.org/2001/XMLSchema-instance"
    xsi:schemaLocation="http://www.loc.gov/MARC21/slim http://www.loc.gov/standards/marcxml/schema/MARC21slim.xsd"
    xmlns="http://www.loc.gov/MARC21/slim">

  <leader>00728nam a22002177a 4500</leader>
  <controlfield tag="005">20150324113328.0</controlfield>
  <controlfield tag="008">140714b        xxu||||| |||| 00| 0 Urdu d</controlfield>
  <datafield tag="010" ind1=" " ind2=" ">
    <subfield code="a">UR-8776</subfield>
  </datafield>
  <datafield tag="020" ind1="q" ind2=" ">
    <subfield code="c">114.00</subfield>
  </datafield>
  <datafield tag="035" ind1=" " ind2=" ">
    <subfield code="a">U-7331</subfield>
  </datafield>
  <datafield tag="037" ind1=" " ind2=" ">
    <subfield code="b">DBAD/Pub.</subfield>
  </datafield>
  <datafield tag="040" ind1=" " ind2=" ">
    <subfield code="a">DPL</subfield>
    <subfield code="b">Urdu</subfield>
  </datafield>
  <datafield tag="082" ind1=" " ind2=" ">
    <subfield code="a">840.92</subfield>
  </datafield>
  <datafield tag="100" ind1=" " ind2=" ">
    <subfield code="a">&#x645;&#x62D;&#x645;&#x62F; &#x628;&#x62F; &#x631; &#x627; &#x644;&#x62F; &#x64A;&#x646; &#x641;&#x631; &#x64A;&#x62F; &#x6CC;</subfield>
  </datafield>
  <datafield tag="245" ind1=" " ind2=" ">
    <subfield code="a">&#x62E;&#x62F; &#x627; &#x628;&#x62E;&#x634; &#x6A9;&#x6D2; &#x627; &#x62D;&#x628;&#x627; &#x628; &#x648; &#x645;&#x639;&#x627; &#x635;&#x631; &#x64A;&#x646;</subfield>
    <subfield code="b">&#x645;&#x62D;&#x645;&#x62F; &#x628;&#x62F; &#x631; &#x627; &#x644;&#x62F; &#x64A;&#x646; &#x641;&#x631; &#x64A;&#x62F; &#x6CC;</subfield>
  </datafield>
  <datafield tag="246" ind1=" " ind2=" ">
    <subfield code="a">Khuda Bakhsh ke Ahbab -wa- Muasireen</subfield>
    <subfield code="b">By Mohd .Badaruddin Faridii</subfield>
  </datafield>
  <datafield tag="260" ind1=" " ind2=" ">
    <subfield code="a">Patna-4</subfield>
    <subfield code="b">Mohd .Badaruddin Faridii</subfield>
    <subfield code="c">2012</subfield>
  </datafield>
  <datafield tag="270" ind1=" " ind2=" ">
    <subfield code="a">Khuda Bakhsh Library,</subfield>
  </datafield>
  <datafield tag="300" ind1=" " ind2=" ">
    <subfield code="a">200&#x635;</subfield>
    <subfield code="b">22C.m.(PB)</subfield>
  </datafield>
  <datafield tag="942" ind1=" " ind2=" ">
    <subfield code="2">ddc</subfield>
    <subfield code="c">UR</subfield>
    <subfield code="h">840.92</subfield>
    <subfield code="m">&#x645; &#x62D; &#x645;</subfield>
  </datafield>
  <datafield tag="999" ind1=" " ind2=" ">
    <subfield code="c">92428</subfield>
    <subfield code="d">92428</subfield>
  </datafield>
  <datafield tag="952" ind1=" " ind2=" ">
    <subfield code="0">0</subfield>
    <subfield code="1">0</subfield>
    <subfield code="2">ddc</subfield>
    <subfield code="4">0</subfield>
    <subfield code="7">1</subfield>
    <subfield code="8">NFIC</subfield>
    <subfield code="a">DBAD</subfield>
    <subfield code="b">DBAD</subfield>
    <subfield code="d">2015-03-24</subfield>
    <subfield code="e">DBAD/Pub.</subfield>
    <subfield code="g">114.00</subfield>
    <subfield code="l">0</subfield>
    <subfield code="o">840.92 &#x645; &#x62D; &#x645;</subfield>
    <subfield code="p">U-7331</subfield>
    <subfield code="r">2015-03-24 00:00:00</subfield>
    <subfield code="t">1</subfield>
    <subfield code="v">114.00</subfield>
    <subfield code="w">2015-03-24</subfield>
    <subfield code="y">UR</subfield>
  </datafield>
</record>
